| 000 | 00358nam a2200109Ia 4500 | ||
|---|---|---|---|
| 008 | 171211s9999 xx 000 0 und d | ||
| 245 | _aTheory and Practice of Quality and Reliability Engineering in Asia Industry | ||
| 245 | _cCher Ming Tan and Thong Ngee Goh | ||
| 260 | _c2017 | ||
| 650 | _xECONOMICS | ||
| 856 | _uhttp://down.ebook777.com/063/9811032882.pdf | ||
| 999 |
_c349561 _d349561 |
||